000 00614nam a2200169 4500
001 109478
003 ES-MaACL
005 20230906184841.0
007 t|
008 061121s1953 sp r ||||1| spa d
100 1 _aMulet, Antonio.
_984102
245 1 0 _aMallorca. `El Parado de Valldemosa`
_b: Antecedentes y desenvolvimiento en el baile popular /
_cAntonio Mulet; Dibujos y acuarelas de J. Coll Bardolet.
260 _aPalma de Mallorca :
_b[s.n.],
_c1953 (
_fImp. Durán de Inca)
300 _a69 p., 9 lám. :
_bil. ;
_c21 cm.
700 1 _aColl Bardolet, J.
_939623
852 _aES-MaACL
_j1958-F-9
_bR.34844
999 _c109478
_d109478